000 00242nam a2200109Ia 4500
100 _aBhide S.D./ Tokekar
942 _cBK
654 _alinear
245 _aLinear Circuits Analysis
260 _bTechnical Pub
_aPune
_c1993
546 _aENGLISH
999 _c33493
_d33493